| 000 | 01205nam2a2200241 4500 | ||
|---|---|---|---|
| 001 | RU\NLR\BIBL_A\012301447 | ||
| 005 | 20250624012419.0 | ||
| 035 | _a(NLR Aleph) 012301447 | ||
| 090 |
_a11322779 _c11322779 |
||
| 100 | _a20200724d2015 |||y0rusy50 ca | ||
| 101 | 0 | _arus | |
| 102 | _aRU | ||
| 105 | _aach|z|||000gy | ||
| 200 | 0 |
_aКн. 2 _fхудожник: Г. Ястребенецкий |
|
| 210 |
_d2015 _aБ. м. |
||
| 215 |
_a23, [1] с. _cил., портр., факс. |
||
| 316 |
_aС автогр. авт. _5NLR |
||
| 316 |
_aЭкз. № 02 Потапенко В.Б. _5NLR |
||
| 461 | 0 |
_1001RU\NLR\BIBL_A\011274997 _12001#$aГришарики$e[стихи]$fГригорий Ястребенецкий$gхудож. Г. и А. Ястребенецкие$vКн. 2 _1700#1$aЯстребенецкий$bГ. Д.$f1923-2022$gГригорий Данилович$3RU\NLR\AUTH\77109591 _910840805 _aЯстребенецкий, Г. Д. (1923-2022) _cСанкт-Петербург _d2016 _fГригорий Ястребенецкий _nФилателия _o[стихи] _tГришарики _vКн. 2 |
|
| 942 | _cBOOK | ||
| 980 | _aNB | ||